Municipalities of Dodge County, Wisconsin - Statistics

General Stats
  • This quiz has been taken 127 times
  • The average score is 16 of 47
Answers on the Map
Answers color-coded by a green-red scale on the quiz's map according to % correct below.
 
Answer Stats
Answer % Correct
City of Beaver Dam
89%
City of Juneau
89%
Town of Beaver Dam
89%
City of Mayville
78%
City of Watertown
78%
City of Horicon
67%
City of Fox Lake
56%
City of Waupun
56%
Town of Fox Lake
56%
Census Designated Place of Burnett
44%
City of Columbus
44%
Town of Burnett
44%
Town of Lomira
44%
Town of Theresa
44%
Village of Lomira
44%
Village of Theresa
44%
Town of Clyman
33%
Town of Hustisford
33%
Village of Brownsville
33%
Village of Clyman
33%
Village of Hustisford
33%
Village of Reeseville
33%
Census Designated Place of Ashippun
22%
Census Designated Place of Lebanon
22%
City of Hartford
22%
Town of Ashippun
22%
Town of Emmet
22%
Town of Lebanon
22%
Town of Leroy
22%
Town of Lowell
22%
Village of Iron Ridge
22%
Village of Kekoskee
22%
Village of Lowell
22%
Village of Randolph
22%
Town of Calamus
11%
Town of Chester
11%
Town of Elba
11%
Town of Herman
11%
Town of Hubbard
11%
Town of Oak Grove
11%
Town of Portland
11%
Town of Rubicon
11%
Town of Shields
11%
Town of Trenton
11%
Town of Westford
11%
Town of Williamstown
11%
Village of Neosho
11%
No matching quizzes found
Score Distribution
Percent of People with Each Score
Percentile by Number Answered
Your Score History
You have not taken this quiz